Poisťovne na kríze zarobia
Niektoré oblasti hospodárstva na veľkej hospodárskej kríze zarobia, iní prerobia. Niektorí sú takí, ktorých situácia závisí od ich šikovnosti, strategickej múdrosti a pragmatickej praktickosti. Očakávaný vývoj v bankách a poisťovniach. Potreba nových produktov.
Salvato in:
| Autore principale: | |
|---|---|
| Natura: | Capitolo di libro |
| Lingua: | slovacco |
| Soggetti: | |
| Tags: |
Nessun Tag, puoi essere il primo ad aggiungerne!!
|
MARC
| LEADER | 00000naa$a2200000$$$4500 | ||
|---|---|---|---|
| 001 | 0093692 | ||
| 005 | 20231006123350.1 | ||
| 041 | 0 | |a slo | |
| 044 | |a SK | ||
| 245 | 1 | 0 | |a Poisťovne na kríze zarobia |c Emil Burák |
| 520 | |a Niektoré oblasti hospodárstva na veľkej hospodárskej kríze zarobia, iní prerobia. Niektorí sú takí, ktorých situácia závisí od ich šikovnosti, strategickej múdrosti a pragmatickej praktickosti. Očakávaný vývoj v bankách a poisťovniach. Potreba nových produktov. | ||
| 610 | 2 | 0 | |a kríza hospodárska |
| 610 | 2 | 0 | |a banky |
| 610 | 2 | 0 | |a klienti |
| 610 | 2 | 0 | |a poisťovne |
| 100 | 1 | |a Burák, Emil | |